<?xml version="1.0" encoding="UTF-8"?>
<collection xmlns="http://www.loc.gov/MARC21/slim">
 <record>
  <leader>02206nam a22002777a 4500</leader>
  <controlfield tag="001">NCT_80474</controlfield>
  <controlfield tag="008">200609b        xxu||||| |||| 00| 0 vie d</controlfield>
  <datafield tag="999" ind1=" " ind2=" ">
   <subfield code="c">3948</subfield>
   <subfield code="d">3948</subfield>
  </datafield>
  <datafield tag="020" ind1=" " ind2=" ">
   <subfield code="a">9786047368075</subfield>
   <subfield code="c">129000</subfield>
  </datafield>
  <datafield tag="082" ind1="0" ind2="4">
   <subfield code="2">23rd ed.</subfield>
   <subfield code="a">347.075</subfield>
   <subfield code="b">Nh513</subfield>
  </datafield>
  <datafield tag="100" ind1="1" ind2=" ">
   <subfield code="a">Nguyễn Thị Hồng Nhung</subfield>
   <subfield code="e">Chủ biên</subfield>
  </datafield>
  <datafield tag="245" ind1="1" ind2="0">
   <subfield code="a">Giáo trình luật tố tụng dân sự</subfield>
   <subfield code="c">Nguyễn Thị Hồng Nhung (Chủ biên); Huỳnh Thị Nam Hải</subfield>
  </datafield>
  <datafield tag="250" ind1=" " ind2=" ">
   <subfield code="a">Tái bản có chỉnh sửa, bổ sung</subfield>
  </datafield>
  <datafield tag="260" ind1=" " ind2=" ">
   <subfield code="a">Tp. Hồ Chí Minh</subfield>
   <subfield code="b">Đại học quốc gia Tp. Hồ Chí Minh</subfield>
   <subfield code="c">2019</subfield>
  </datafield>
  <datafield tag="300" ind1=" " ind2=" ">
   <subfield code="a">418 tr.</subfield>
   <subfield code="c">24cm</subfield>
  </datafield>
  <datafield tag="500" ind1=" " ind2=" ">
   <subfield code="a">ĐTTS ghi: Đại học quốc gia thành phố Hồ Chí Minh, Trường đại học Kinh tế - Luật</subfield>
  </datafield>
  <datafield tag="520" ind1="3" ind2=" ">
   <subfield code="a">Nội dung sách trình bày: những vấn đề cơ bản về luật tố tụng dân sự; chủ thể của quan hệ pháp luật tố tụng dân sự; thẩm quyền của tòa án nhân dân; án phí, lệ phí và chi phí tố tụng; thời hạn tố tụng và thủ tục cấp, tống đạt, thông báo văn bản tố tụng; chứng cứ và chứng minh trong tố tụng dân sự,...</subfield>
  </datafield>
  <datafield tag="653" ind1=" " ind2=" ">
   <subfield code="a">Luật học</subfield>
  </datafield>
  <datafield tag="700" ind1="1" ind2=" ">
   <subfield code="a">Huỳnh Thị Nam Hải</subfield>
  </datafield>
  <datafield tag="942" ind1=" " ind2=" ">
   <subfield code="2">ddc</subfield>
   <subfield code="c">BK</subfield>
  </datafield>
  <datafield tag="952" ind1=" " ind2=" ">
   <subfield code="0">0</subfield>
   <subfield code="1">0</subfield>
   <subfield code="2">ddc</subfield>
   <subfield code="4">0</subfield>
   <subfield code="6">347_075000000000000_NH513</subfield>
   <subfield code="7">0</subfield>
   <subfield code="9">19684</subfield>
   <subfield code="a">000001</subfield>
   <subfield code="b">000001</subfield>
   <subfield code="d">2020-06-09</subfield>
   <subfield code="l">2</subfield>
   <subfield code="o">347.075 Nh513</subfield>
   <subfield code="p">MD.17250</subfield>
   <subfield code="r">2021-04-13</subfield>
   <subfield code="s">2021-03-31</subfield>
   <subfield code="v">129000.00</subfield>
   <subfield code="w">2020-06-09</subfield>
   <subfield code="y">BK</subfield>
  </datafield>
  <datafield tag="952" ind1=" " ind2=" ">
   <subfield code="0">0</subfield>
   <subfield code="1">0</subfield>
   <subfield code="2">ddc</subfield>
   <subfield code="4">0</subfield>
   <subfield code="6">347_075000000000000_NH513</subfield>
   <subfield code="7">0</subfield>
   <subfield code="9">19685</subfield>
   <subfield code="a">000001</subfield>
   <subfield code="b">000001</subfield>
   <subfield code="d">2020-06-09</subfield>
   <subfield code="o">347.075 Nh513</subfield>
   <subfield code="p">MD.17251</subfield>
   <subfield code="r">2020-06-09</subfield>
   <subfield code="v">129000.00</subfield>
   <subfield code="w">2020-06-09</subfield>
   <subfield code="y">BK</subfield>
  </datafield>
  <datafield tag="952" ind1=" " ind2=" ">
   <subfield code="0">0</subfield>
   <subfield code="1">0</subfield>
   <subfield code="2">ddc</subfield>
   <subfield code="4">0</subfield>
   <subfield code="6">347_075000000000000_NH513</subfield>
   <subfield code="7">0</subfield>
   <subfield code="9">19686</subfield>
   <subfield code="a">000001</subfield>
   <subfield code="b">000001</subfield>
   <subfield code="d">2020-06-09</subfield>
   <subfield code="o">347.075 Nh513</subfield>
   <subfield code="p">MD.17252</subfield>
   <subfield code="r">2020-06-09</subfield>
   <subfield code="v">129000.00</subfield>
   <subfield code="w">2020-06-09</subfield>
   <subfield code="y">BK</subfield>
  </datafield>
  <datafield tag="952" ind1=" " ind2=" ">
   <subfield code="0">0</subfield>
   <subfield code="1">0</subfield>
   <subfield code="2">ddc</subfield>
   <subfield code="4">0</subfield>
   <subfield code="6">347_075000000000000_NH513</subfield>
   <subfield code="7">0</subfield>
   <subfield code="9">19687</subfield>
   <subfield code="a">000001</subfield>
   <subfield code="b">000001</subfield>
   <subfield code="d">2020-06-09</subfield>
   <subfield code="o">347.075 Nh513</subfield>
   <subfield code="p">MD.17253</subfield>
   <subfield code="r">2020-06-09</subfield>
   <subfield code="v">129000.00</subfield>
   <subfield code="w">2020-06-09</subfield>
   <subfield code="y">BK</subfield>
  </datafield>
  <datafield tag="952" ind1=" " ind2=" ">
   <subfield code="0">0</subfield>
   <subfield code="1">0</subfield>
   <subfield code="2">ddc</subfield>
   <subfield code="4">0</subfield>
   <subfield code="6">347_075000000000000_NH513</subfield>
   <subfield code="7">0</subfield>
   <subfield code="9">19688</subfield>
   <subfield code="a">000001</subfield>
   <subfield code="b">000001</subfield>
   <subfield code="d">2020-06-09</subfield>
   <subfield code="o">347.075 Nh513</subfield>
   <subfield code="p">MD.17254</subfield>
   <subfield code="r">2020-06-09</subfield>
   <subfield code="v">129000.00</subfield>
   <subfield code="w">2020-06-09</subfield>
   <subfield code="y">BK</subfield>
  </datafield>
  <datafield tag="980" ind1=" " ind2=" ">
   <subfield code="a">Thư viện Trường Đại học Nam Cần Thơ</subfield>
  </datafield>
 </record>
</collection>
